<?xml version="1.0" encoding="UTF-8"?>
<record
    xmlns:xsi="http://www.w3.org/2001/XMLSchema-instance"
    xsi:schemaLocation="http://www.loc.gov/MARC21/slim http://www.loc.gov/standards/marcxml/schema/MARC21slim.xsd"
    xmlns="http://www.loc.gov/MARC21/slim">

  <leader>00606cam a22001817a 4500</leader>
  <datafield tag="020" ind1=" " ind2=" ">
    <subfield code="a">0764526154 (pbk.)</subfield>
  </datafield>
  <datafield tag="040" ind1=" " ind2=" ">
    <subfield code="c">StDuBDS</subfield>
  </datafield>
  <datafield tag="082" ind1="0" ind2="0">
    <subfield code="a">005 WIL 2003 A006 Or.</subfield>
  </datafield>
  <datafield tag="100" ind1="1" ind2=" ">
    <subfield code="a">Walsh, Aaron E.</subfield>
  </datafield>
  <datafield tag="245" ind1="1" ind2="0">
    <subfield code="a">J2EE 1.4 Essentials /</subfield>
  </datafield>
  <datafield tag="260" ind1=" " ind2=" ">
    <subfield code="a">New York :</subfield>
    <subfield code="b">Wiley Pub.,</subfield>
    <subfield code="c">c2003.</subfield>
  </datafield>
  <datafield tag="300" ind1=" " ind2=" ">
    <subfield code="a">xxiii, 452 p. :</subfield>
    <subfield code="b">ill. ;</subfield>
    <subfield code="c">24cm.</subfield>
  </datafield>
  <datafield tag="650" ind1=" " ind2="0">
    <subfield code="a">Java (Computer program language)</subfield>
  </datafield>
  <datafield tag="856" ind1="4" ind2="2">
    <subfield code="u">http://www.loc.gov/catdir/bios/wiley046/2002114841.html</subfield>
  </datafield>
  <datafield tag="856" ind1="4" ind2="2">
    <subfield code="u">http://www.loc.gov/catdir/description/wiley039/2002114841.html</subfield>
  </datafield>
  <datafield tag="856" ind1="4" ind2="1">
    <subfield code="u">http://www.loc.gov/catdir/toc/wiley031/2002114841.html</subfield>
  </datafield>
  <datafield tag="942" ind1=" " ind2=" ">
    <subfield code="c">EK</subfield>
  </datafield>
  <datafield tag="999" ind1=" " ind2=" ">
    <subfield code="c">11959</subfield>
    <subfield code="d">11959</subfield>
  </datafield>
  <datafield tag="952" ind1=" " ind2=" ">
    <subfield code="0">0</subfield>
    <subfield code="1">0</subfield>
    <subfield code="4">0</subfield>
    <subfield code="6">005_000000000000000_WIL_2003_A006_OR</subfield>
    <subfield code="7">0</subfield>
    <subfield code="9">60863</subfield>
    <subfield code="a">LBA</subfield>
    <subfield code="b">LBA</subfield>
    <subfield code="c">A006</subfield>
    <subfield code="d">2017-08-08</subfield>
    <subfield code="o">005 WIL 2003 A006 Or.</subfield>
    <subfield code="p">A14739</subfield>
    <subfield code="r">2017-08-08</subfield>
    <subfield code="w">2017-08-08</subfield>
    <subfield code="y">EK</subfield>
  </datafield>
  <datafield tag="952" ind1=" " ind2=" ">
    <subfield code="0">0</subfield>
    <subfield code="1">0</subfield>
    <subfield code="4">0</subfield>
    <subfield code="6">005_000000000000000_WIL_2003_A003_OR</subfield>
    <subfield code="7">0</subfield>
    <subfield code="9">70927</subfield>
    <subfield code="a">LBA</subfield>
    <subfield code="b">LBA</subfield>
    <subfield code="c">A003</subfield>
    <subfield code="d">2018-02-20</subfield>
    <subfield code="o">005 WIL 2003 A003 Or.</subfield>
    <subfield code="p">A21017</subfield>
    <subfield code="r">2018-02-20</subfield>
    <subfield code="w">2018-02-20</subfield>
    <subfield code="y">EK</subfield>
  </datafield>
</record>
